1414 1968 1342 1278 1894 1962 1923 1305 1281 1038 1418 1622 1002 1332 1097 1679 1272 1089 1845 1506 1326 1010 1425 1618 1726 1207 1580 1973 1501 1489 1044 1109 1813 1930 1567 1396 1902 1142 1722 1032 1417 1591 1070 1579 1869 1169 1235 1229 1478 1706 1594 1938 1508 1822 1841 1677 1095 1254 1831 1737 1901 1612 1185 1184 2000 1708 1992 1087 1726 1728 1765 1823 1673 1025 1910 1202 1669 1947 1656 1518 1019 1247 1871 1510 1245 1162 1643 1870 1061 1819 1658 1782 1836 1180 1859 1146 1924 1890 1730 BCNSPRNW ULIB Ver.6.0+V

เปลี่ยนเป็นภาษาไทย

Change to English
 แสดงรายละเอียดบรรณานุกรม
  กลับหน้าหลัก

Brief Record : Get Marc (ISO 2709) : E-mail record : QR code < ปิดหน้าต่าง
LEADER : 00000nam 2200000uu 4500
001    13399126014
003     ULIB
008    180427s2559||||th 000 0 tha d
020    ^a9786160027378
050    ^aนว^bญ461อ
100  0  ^aญาณนภา.
245  1  ^aอัคนีพยัคฆ์ /^cญาณนภา.
250    ^aพิมพ์ครั้งที่ 1.
260    ^aกรุงเทพฯ :^bPrincess,^c2559.
300    ^a511 หน้า ;^c21 ซม.
490  1  ^aชุดจอมใจพยัคฆ์
830    0 ^aชุดจอมใจพยัคฆ์.
850    ^aมบ.
945    ^p300^l0^i003428
999    ^aประนอม เกษจรัล
รายการนี้ยังไม่มีแท็ก
คุณยังไม่ได้ล็อกอิน คุณสามารถมีกิจกรรมร่วมกับเว็บไซต์ได้ แต่ต้องล็อกอินก่อน ::
  ล็อกอิน

รายการสื่อสารสนเทศ

ลำดับที่ ประเภท เลขเรียก/บาร์โค้ด สถานที่ สถานะ
1. นวนิยาย
นวนิยาย
นว ญ461อ ฉ.1 
  Barcode: 003428
ห้องสมุดวิทยาเขตนครสวรรค์
►นวนิยาย:l:Fiction
บนชั้น

BibComment


ยังไม่เคยถูกคอมเมนท์

คอมเมนท์ทรัพยากรรายการนี้
  คอมเมนท์: อัคนีพยัคฆ์ ญ..


 Copyright 2026. Bcnsprnw @Library